| 000 | 01160cam a2200277Ia 4500 | ||
|---|---|---|---|
| 001 | firstchristmas00newy | ||
| 003 | CaSfIA | ||
| 005 | 20210118083439.0 | ||
| 007 | cr|||| | ||
| 008 | 930717s1989 nyu 000 0 eng d | ||
| 040 |
_aOCD _cOCD _dBAKER _dBTCTA _dQT5 _dCaSfIA |
||
| 020 | _a0026893134 | ||
| 020 | _a9780026893138 | ||
| 035 | _a(OCoLC)28466919 | ||
| 082 | 4 | _a226.4 | |
| 245 | 0 | 4 |
_aThe first Christmas. _h[electronic resource] |
| 260 |
_aNew York : _bChex Books, _cc1989. |
||
| 300 |
_a29 p. : _bill. ; _c24 cm. |
||
| 600 | 0 | 0 |
_aJesus Christ _xNativity. |
| 856 | 4 | 1 |
_uhttp://www.archive.org/details/firstchristmas00newy _zFree eBook from the Internet Archive |
| 856 | 4 | 2 |
_uhttp://www.openlibrary.org/books/OL7267357M _zAdditional information and access via Open Library |
| 029 | 1 |
_aUNITY _b090854608 |
|
| 942 | _cEB | ||
| 506 | _fНеобхідна авторизація на https://archive.org/ (створення облікового запису безкоштовно) | ||
| 506 | _fНеобхідна авторизація на https://openlibrary.org/ (створення облікового запису безкоштовно) | ||
| 999 |
_c496863 _d496863 |
||